000 00453nam a2200181Ia 4500
008 100917s9999 xx 000 0 und d
082 _b29112
100 _aधारप नारायण
245 _aभयकथा
260 _bविशाखा प्रकाशन
_c1974
300 _a239
365 _b20
520 _aकथा
630 _aभयकथा
650 _aकथा
730 _aभयकथा
942 _cBOOK
999 _c634506
_d634503